¿Más y mejor bienestar en las provincias? (Registro nro. 4158)
[ vista simple ]
| 000 -LEADER | |
|---|---|
| fixed length control field | 01694 a2200229 4500 |
| 001 - CONTROL NUMBER | |
| control field | 46093 |
| 005 - DATE AND TIME OF LATEST TRANSACTION | |
| control field | 20260407155734.0 |
| 008 - FIXED-LENGTH DATA ELEMENTS--GENERAL INFORMATION | |
| fixed length control field | 260407a2001 arg spa d |
| 003 - CONTROL NUMBER IDENTIFIER | |
| control field | AR-UNSa-BCEJYS |
| 040 ## - CATALOGING SOURCE | |
| Original cataloging agency | AR-UNSa-BCEJYS |
| Language of cataloging | spa |
| Transcribing agency | AR-UNSa-BCEJYS |
| 080 ## - UNIVERSAL DECIMAL CLASSIFICATION NUMBER | |
| Universal Decimal Classification number | 304.4 |
| Common auxiliary subdivision | Aspectos generales de las políticas y prácticas sociales y culturales (política social) |
| 020 ## - INTERNATIONAL STANDARD BOOK NUMBER | |
| International Standard Book Number | 987-1024-10-X |
| 041 ## - LANGUAGE CODE | |
| Language code of text/sound track or separate title | spa |
| 100 1# - MAIN ENTRY--PERSONAL NAME | |
| Personal name | Bertranou, Fabio M. |
| 245 10 - TITLE STATEMENT | |
| Title | ¿Más y mejor bienestar en las provincias? |
| Name of part/section of a work | ensayos sobre economía y gestión de las políticas sociales en Mendoza |
| 264 #1 - PRODUCTION, PUBLICATION, DISTRIBUTION, MANUFACTURE, AND COPYRIGHT NOTICE | |
| Place of production, publication, distribution, manufacture | Mendoza : |
| Name of producer, publisher, distributor, manufacturer | Universidad Nacional de Cuyo |
| Date of production, publication, distribution, manufacture, or copyright notice | 2001 |
| 300 ## - PHYSICAL DESCRIPTION | |
| Extent | 161 p. |
| Dimensions | 26 cm. |
| 505 ## - FORMATTED CONTENTS NOTE | |
| Formatted contents note | 1. ¿ Es redistributivo el gasto público provincial en salud en Mendoza? / Fabio M. Bertranou - 2. Análisis del mercado laboral informal en el Gran Mendoza durante los años noventa / Raúl Mercau y Andrea Suoni - 3. ¿ Qué sucedió en el Gran Mendoza con la distribución del ingreso en la década de los noventa? / Sergio Olivieri, Andrea Podestá y Andrea Sánchez - 4. Pobreza: el desafío social del nuevo siglo / Sergio Olivieri, Andrea Podestá y Andrea Sánchez - 5. Exclución social, vulnerabilidad y pobreza en Mendoza / Mónica Iris Calderón e Íris Perlbach de Maradona / Institucionalidad social: el FIDES y la política social de Mendoza / Julián Bertranou - 6. Análisis de incidencia del gasto público en educación en Mendoza / Evelina Bertranou - 7. Desigualdades en salud asociadas al ingreso / Fabio Bertranou - |
| 590 ## - LOCAL NOTE (RLIN) | |
| Local note | niveau_biblio:m niveau_hierar:0 |
| 856 41 - ELECTRONIC LOCATION AND ACCESS | |
| Uniform Resource Identifier | <a href="https://www.biblioeco.unsa.edu.ar/pmb/images/libros/L127337.jpg">https://www.biblioeco.unsa.edu.ar/pmb/images/libros/L127337.jpg</a> |
| Link text | Imagen de portada |
| Electronic format type | image/jpeg |
| 942 ## - ADDED ENTRY ELEMENTS (KOHA) | |
| Koha item type | |
| Withdrawn status | Lost status | Damaged status | Not for loan | Home library | Current library | Shelving location | Date acquired | Total checkouts | Full call number | Barcode | Date last seen | Price effective from | Koha item type |
|---|---|---|---|---|---|---|---|---|---|---|---|---|---|
| Biblioteca Prof. Eusebio Cleto del Rey | Biblioteca Prof. Eusebio Cleto del Rey | 07/04/2026 | 304.4 B548 | L127337 | 07/04/2026 | 07/04/2026 | Libro |